[Event "Mitropa Cup 06th"]
[Site "Luxembourg"]
[Date "1981.??.??"]
[Round "6"]
[White "Seret, Jean Luc"]
[Black "Arlandi, Ennio"]
[Result "1/2-1/2"]
[WhiteElo "2365"]
[BlackElo "2240"]
[PlyCount "80"]
[EventDate "1981.10.17"]
[EventType "team-tourn"]
[EventRounds "7"]
[EventCountry "LUX"]
[Source "ChessBase"]
[SourceDate "2000.11.22"]

1. e4 c5 2. Nc3 Nc6 3. f4 g6 4. Nf3 Bg7 5. Bb5 d6 6. d3 Bd7 7. O-O e6 8. f5
Nge7 9. Bg5 f6 10. fxe6 Bxe6 11. Bf4 O-O 12. Bc4 Bf7 13. Bxf7+ Rxf7 14. Nb5 Nc8
15. a4 a6 16. Na3 Ra7 17. c3 b6 18. Qb3 Kh8 19. Qd5 Rfd7 20. Rad1 N8e7 21. Qe6
Qg8 22. Qxg8+ Kxg8 23. Nc4 Nc8 24. d4 b5 25. d5 Ne5 26. Na5 bxa4 27. Nxe5 fxe5
28. Be3 Nb6 29. Ra1 Ra8 30. Rfb1 Rf7 31. b4 axb3 32. Rxb3 Nd7 33. Nc4 Bf8 34.
Rba3 Nf6 35. Nd2 h6 36. h3 Rfa7 37. Kf2 a5 38. Ke2 a4 39. Kd3 Nd7 40. Nc4 Ra6
1/2-1/2

[Event "Mitropa Cup 06th"]
[Site "Luxembourg"]
[Date "1981.??.??"]
[Round "6"]
[White "Stull, Norbert"]
[Black "Franzoni, Giancarlo"]
[Result "1/2-1/2"]
[WhiteElo "2215"]
[BlackElo "2295"]
[PlyCount "81"]
[EventDate "1981.10.17"]
[EventType "team-tourn"]
[EventRounds "7"]
[EventCountry "LUX"]
[Source "ChessBase"]
[SourceDate "2000.11.22"]

1. c4 c5 2. Nf3 g6 3. d4 cxd4 4. Nxd4 Bg7 5. e4 Nf6 6. Nc3 O-O 7. Be2 Nc6 8.
Be3 b6 9. O-O Bb7 10. Qd2 Nxd4 11. Bxd4 e5 12. Bxe5 Nxe4 13. Nxe4 Bxe5 14. Nd6
Bc6 15. f4 Bg7 16. Rad1 Qf6 17. b3 Qc3 18. Bf3 Qxd2 19. Rxd2 Bc3 20. Rd3 Bb4
21. g3 f5 22. Kg2 Rf6 23. Nb5 Bf8 24. Re1 a6 25. Nc7 Rc8 26. Nd5 Rd6 27. Red1
Kf7 28. Ne3 Rxd3 29. Rxd3 Re8 30. Bxc6 dxc6 31. Kf3 Ke6 32. Nc2 Bd6 33. h3 Kd7
34. Re3 Rxe3+ 35. Nxe3 Ke6 36. g4 Bb4 37. gxf5+ gxf5 38. Ke2 Bd6 39. Kf3 Bb4
40. Ke2 Bc3 41. Nc2 1/2-1/2

[Event "Mitropa Cup 06th"]
[Site "Luxembourg"]
[Date "1981.??.??"]
[Round "7"]
[White "Arlandi, Ennio"]
[Black "Schammo, Jean"]
[Result "1-0"]
[WhiteElo "2240"]
[BlackElo "2230"]
[PlyCount "55"]
[EventDate "1981.10.17"]
[EventType "team-tourn"]
[EventRounds "7"]
[EventCountry "LUX"]
[Source "ChessBase"]
[SourceDate "2000.11.22"]

1. d4 d5 2. c4 Bf5 3. cxd5 Bxb1 4. Rxb1 Qxd5 5. Qa4+ b5 6. Qb3 Qf5 7. Ra1 e6 8.
e3 c6 9. Nf3 Bd6 10. Bd3 Qg4 11. O-O Ne7 12. a4 b4 13. a5 Nd7 14. Bd2 Rb8 15.
e4 e5 16. Ng5 Qh5 17. f4 exf4 18. e5 Nd5 19. Nh3 Bc7 20. Nxf4 Nxf4 21. Rxf4 O-O
22. Raf1 Nxe5 23. Rf5 Nf3+ 24. R1xf3 Qxh2+ 25. Kf1 Qh1+ 26. Kf2 Qh4+ 27. Ke2
Rbe8+ 28. Kd1 1-0

[Event "Mitropa Cup 06th"]
[Site "Luxembourg"]
[Date "1981.??.??"]
[Round "7"]
[White "D'Amore, Carlo"]
[Black "Stull, Norbert"]
[Result "1-0"]
[WhiteElo "2225"]
[BlackElo "2215"]
[PlyCount "51"]
[EventDate "1981.10.17"]
[EventType "team-tourn"]
[EventRounds "7"]
[EventCountry "LUX"]
[Source "ChessBase"]
[SourceDate "2000.11.22"]

1. e4 Nf6 2. e5 Nd5 3. d4 d6 4. Nf3 Bg4 5. Be2 e6 6. O-O Be7 7. c4 Nb6 8. Nc3
O-O 9. Be3 Nc6 10. b3 d5 11. c5 Nc8 12. b4 f6 13. b5 Na5 14. exf6 Bxf6 15. Bf4
Nc4 16. Ne5 Bxe5 17. Bxe5 Nxe5 18. Bxg4 Nxg4 19. Qxg4 Rf6 20. Rae1 Rg6 21. Qh3
Qf6 22. Nxd5 exd5 23. Re8+ Kf7 24. Qd7+ Ne7 25. Rxa8 Qxd4 26. Re1 1-0

[Event "Mitropa Cup 06th"]
[Site "Luxembourg"]
[Date "1981.??.??"]
[Round "7"]
[White "Franzoni, Giancarlo"]
[Black "Bastian, Herbert"]
[Result "1/2-1/2"]
[WhiteElo "2295"]
[BlackElo "2320"]
[PlyCount "67"]
[EventDate "1981.10.17"]
[EventType "team-tourn"]
[EventRounds "7"]
[EventCountry "LUX"]
[Source "ChessBase"]
[SourceDate "2000.11.22"]

1. e4 e5 2. Nc3 Bc5 3. g3 Ne7 4. Na4 d6 5. Bg2 Be6 6. Nf3 Nbc6 7. O-O O-O 8. d3
f6 9. Nxc5 dxc5 10. Be3 Qd6 11. Nd2 b6 12. Nc4 Qd7 13. Qd2 Rfd8 14. b3 Nd4 15.
Nb2 Qd6 16. f4 a5 17. Qf2 Rf8 18. Rad1 Nec6 19. c3 Nb5 20. Qc2 Rad8 21. Nc4 Qe7
22. Bc1 Bxc4 23. bxc4 Nd6 24. Bh3 Nf7 25. Be3 Rd6 26. Rf2 Rfd8 27. Bg4 Nh6 28.
Be2 Nf7 29. f5 Qd7 30. h4 g6 31. Kg2 Kg7 32. Bc1 Ne7 33. Rdf1 Ng8 34. Kh2
1/2-1/2

[Event "Mitropa Cup 06th"]
[Site "Luxembourg"]
[Date "1981.??.??"]
[Round "7"]
[White "Goldenberg, Richard"]
[Black "Mikenda, Werner"]
[Result "0-1"]
[WhiteElo "2325"]
[BlackElo "2225"]
[PlyCount "54"]
[EventDate "1981.10.17"]
[EventType "team-tourn"]
[EventRounds "7"]
[EventCountry "LUX"]
[Source "ChessBase"]
[SourceDate "2000.11.22"]

1. Nf3 c5 2. c4 Nf6 3. Nc3 Nc6 4. e3 e6 5. d4 d5 6. cxd5 exd5 7. Be2 Be7 8. O-O
O-O 9. b3 Bg4 10. dxc5 Bxc5 11. Bb2 a6 12. Rc1 Qd6 13. Na4 Ba7 14. Bxf6 Qxf6
15. Qxd5 Rad8 16. Qe4 h5 17. Nc5 Rfe8 18. Qc2 Nb4 19. Qc3 Qxc3 20. Rxc3 Nxa2
21. Rc2 Nb4 22. Rc4 b5 23. Rxb4 Bxc5 24. Rf4 Rxe3 25. Rxg4 Rxe2 26. Rg5 Bb6 27.
g3 Rd3 0-1

[Event "Mitropa Cup 06th"]
[Site "Luxembourg"]
[Date "1981.??.??"]
[Round "7"]
[White "Miltner, Arndt"]
[Black "Zueger, Beat"]
[Result "0-1"]
[WhiteElo "2315"]
[BlackElo "2360"]
[PlyCount "76"]
[EventDate "1981.10.17"]
[EventType "team-tourn"]
[EventRounds "7"]
[EventCountry "LUX"]
[Source "ChessBase"]
[SourceDate "2000.11.22"]

1. e4 c5 2. Nf3 Nc6 3. Bb5 g6 4. O-O Bg7 5. Re1 e5 6. Bxc6 dxc6 7. d3 Qe7 8.
Be3 Nh6 9. h3 f6 10. Qd2 Nf7 11. Qc3 Bf8 12. Nbd2 Nd8 13. a3 Ne6 14. Rab1 a5
15. Nh2 Nd4 16. a4 Bg7 17. Nc4 Qc7 18. Qd2 Ne6 19. g3 g5 20. c3 O-O 21. b4 axb4
22. cxb4 b5 23. axb5 cxb5 24. Nb2 cxb4 25. Qxb4 Qd7 26. Nf3 Kh8 27. Red1 Rg8
28. d4 Nf4 29. Bxf4 gxf4 30. g4 Bf8 31. Qd2 Rxg4+ 32. hxg4 Qxg4+ 33. Kf1 Qxf3
34. Qd3 Bh3+ 35. Ke1 Bb4+ 36. Rd2 Qh1+ 37. Ke2 Bg4+ 38. f3 Qg2+ 0-1

[Event "Mitropa Cup 06th"]
[Site "Luxembourg"]
[Date "1981.??.??"]
[Round "7"]
[White "Stoppel, Franz"]
[Black "Seret, Jean Luc"]
[Result "1/2-1/2"]
[WhiteElo "2245"]
[BlackElo "2365"]
[PlyCount "100"]
[EventDate "1981.10.17"]
[EventType "team-tourn"]
[EventRounds "7"]
[EventCountry "LUX"]
[Source "ChessBase"]
[SourceDate "2000.11.22"]

1. c4 g6 2. d4 Bg7 3. Nc3 d6 4. e4 e5 5. dxe5 dxe5 6. Qxd8+ Kxd8 7. Bg5+ f6 8.
O-O-O+ Nd7 9. Be3 Bh6 10. Nd5 Bxe3+ 11. Nxe3 c6 12. h4 Ke7 13. h5 Nh6 14. f3 a5
15. g3 Nc5 16. Bh3 Nf7 17. Rd2 Ng5 18. Bxc8 Raxc8 19. Nc2 Rcd8 20. Ne1 Rxd2 21.
Kxd2 Ncxe4+ 22. fxe4 Nxe4+ 23. Kc2 Nxg3 24. Rh2 Nxh5 25. Nd3 b6 26. b4 e4 27.
Re2 f5 28. Ne5 Rc8 29. c5 bxc5 30. bxa5 Ng3 31. Rh2 Ke6 32. Nc4 h5 33. Nh3 Kf6
34. Rd2 Re8 35. Rd6+ Kg7 36. Rd7+ Kh6 37. Nd6 Ra8 38. Nf7+ Kg7 39. Ne5+ Kf6 40.
Nxc6 Ne2 41. Rd6+ Kg7 42. Kd2 Nd4 43. Nxd4 cxd4 44. a6 h4 45. Nf4 Kh7 46. Rxg6
h3 47. Rg3 Rxa6 48. Rxh3+ Kg7 49. a3 e3+ 50. Ke2 Rxa3 1/2-1/2

[Event "Mitropa Cup 06th"]
[Site "Luxembourg"]
[Date "1981.??.??"]
[Round "7"]
[White "Wirthensohn, Heinz"]
[Black "Herbrechtsmeier, Christof"]
[Result "1/2-1/2"]
[WhiteElo "2420"]
[BlackElo "2330"]
[PlyCount "93"]
[EventDate "1981.10.17"]
[EventType "team-tourn"]
[EventRounds "7"]
[EventCountry "LUX"]
[Source "ChessBase"]
[SourceDate "2000.11.22"]

1. c4 e5 2. Nc3 Nc6 3. g3 g6 4. Rb1 Nh6 5. Bg2 Bg7 6. d3 O-O 7. Nf3 d6 8. O-O
Bg4 9. b4 a6 10. a4 Qd7 11. Nd5 f5 12. b5 axb5 13. axb5 Nd8 14. Ng5 Nhf7 15.
Nxf7 Rxf7 16. h3 Bh5 17. f3 g5 18. Bxg5 f4 19. g4 Bg6 20. Bh4 Ne6 21. Bf2 Qd8
22. h4 h6 23. Bh3 Kh8 24. Nc3 Nd4 25. Ne4 Bxe4 26. dxe4 Ra2 27. Bxd4 Qxh4 28.
Bc3 Qxh3 29. Rf2 Qh4 30. b6 Qe7 31. Qd5 c6 32. Qd1 Qe6 33. Qb3 Ra6 34. Rff1 h5
35. g5 Qe7 36. Rf2 Qxg5+ 37. Rg2 Qe7 38. Kh1 Bf6 39. Rbg1 Bh4 40. Rg8+ Kh7 41.
R1g6 Bg3 42. Rg5 Ra8 43. R8g6 Bh4 44. c5 Bxg5 45. cxd6 Kxg6 46. dxe7 Rxe7 47.
Qd1 1/2-1/2

[Event "Mitropa Cup 07th"]
[Site "Bourgoin Jaillieu"]
[Date "1982.??.??"]
[Round "?"]
[White "Sulava, Nenad"]
[Black "Poecksteiner, Johann"]
[Result "1-0"]
[WhiteElo "2305"]
[BlackElo "2265"]
[PlyCount "47"]
[EventDate "1982.??.??"]
[EventType "team-tourn"]
[EventRounds "7"]
[EventCountry "FRA"]
[Source "ChessBase"]
[SourceDate "2004.11.15"]
[WhiteTeam "Yugoslavia"]
[BlackTeam "Austria"]
[WhiteTeamCountry "YUG"]
[BlackTeamCountry "AUT"]

1. Nf3 c5 2. b3 Nf6 3. Bb2 e6 4. e3 b6 5. g3 Bb7 6. Bg2 Be7 7. O-O O-O 8. c4 d5
9. Nc3 Nc6 10. cxd5 Nxd5 11. Nxd5 Qxd5 12. d4 Rac8 13. Ne5 Qd8 14. dxc5 Bxc5
15. Nd7 Re8 16. Qg4 e5 17. Rfd1 Qe7 18. Nxc5 Qxc5 19. Rac1 Qf8 20. Rd7 Ba8 21.
Bd5 Ne7 22. Rxc8 Bxd5 23. Rxe8 Qxe8 24. Bxe5 1-0

[Event "Mitropa Cup 07th"]
[Site "Bourgoin Jaillieu"]
[Date "1982.??.??"]
[Round "?"]
[White "Prie, Eric"]
[Black "Bastian, Herbert"]
[Result "1-0"]
[WhiteElo "2205"]
[BlackElo "2360"]
[PlyCount "81"]
[EventDate "1982.??.??"]
[EventType "team-tourn"]
[EventRounds "7"]
[EventCountry "FRA"]
[Source "ChessBase"]
[SourceDate "2004.11.15"]
[WhiteTeam "France"]
[BlackTeam "German Fed Rep"]
[WhiteTeamCountry "FRA"]
[BlackTeamCountry "GER"]

1. Nf3 g6 2. c4 Bg7 3. Nc3 c5 4. g3 Nc6 5. Bg2 Nf6 6. d4 O-O 7. O-O d6 8. dxc5
dxc5 9. Be3 Qa5 10. Qb3 Bd7 11. Rfd1 Rfd8 12. Qb5 Rac8 13. Qxc5 Ng4 14. Qxa5
Nxa5 15. Bxa7 Nxc4 16. Nd5 Re8 17. h3 Nxb2 18. hxg4 Nxd1 19. Rxd1 Bxg4 20. Rb1
Rc2 21. Rxb7 Rxe2 22. a4 h6 23. a5 e5 24. Nh2 Re1+ 25. Bf1 Bh3 26. Bb6 Ra1 27.
a6 Bxf1 28. Nxf1 Rxa6 29. Nc7 Rxb6 30. Rxb6 Rd8 31. Ne3 h5 32. Ncd5 Rd7 33.
Nf6+ Bxf6 34. Rxf6 Kg7 35. Ra6 f5 36. Nc4 Re7 37. Kf1 f4 38. Kg2 g5 39. Nd6 Kg8
40. Ne4 fxg3 41. Kxg3 1-0

[Event "Mitropa Cup 07th"]
[Site "Bourgoin Jaillieu"]
[Date "1982.??.??"]
[Round "?"]
[White "Backwinkel, Paul"]
[Black "Cocozza, Mario"]
[Result "0-1"]
[WhiteElo "2245"]
[BlackElo "2280"]
[PlyCount "94"]
[EventDate "1982.??.??"]
[EventType "team-tourn"]
[EventRounds "7"]
[EventCountry "FRA"]
[Source "ChessBase"]
[SourceDate "2004.11.15"]
[WhiteTeam "German Fed Rep"]
[BlackTeam "Italy"]
[WhiteTeamCountry "GER"]
[BlackTeamCountry "ITA"]

1. Nf3 Nf6 2. g3 g6 3. Bg2 Bg7 4. O-O O-O 5. d4 d6 6. Nc3 Nbd7 7. e4 e5 8. h3
c6 9. a4 a5 10. Be3 Re8 11. Re1 exd4 12. Nxd4 Nc5 13. f3 Nfd7 14. Bf2 Nf8 15.
f4 Nfe6 16. Nde2 Qc7 17. Qd2 Bf8 18. Rad1 Ng7 19. Nd4 Bd7 20. g4 f5 21. exf5
gxf5 22. g5 Rxe1+ 23. Rxe1 Re8 24. b3 Rxe1+ 25. Bxe1 d5 26. Nce2 b6 27. Bf3 Bd6
28. Qe3 Ne4 29. h4 Bc5 30. Bc3 Nxc3 31. Qxc3 Ne6 32. Qd2 Bxd4+ 33. Nxd4 Qxf4
34. Qxf4 Nxf4 35. Kf2 Ng6 36. h5 Ne5 37. Kg3 Nxf3 38. Nxf3 Be8 39. h6 c5 40.
Kf4 Bh5 41. Ne5 Bd1 42. Nd7 Bxc2 43. Nf6+ Kh8 44. Nxd5 Bxb3 45. Nxb6 Be6 46.
Ke5 c4 47. Kd4 Kg8 0-1

[Event "Mitropa Cup 07th"]
[Site "Bourgoin Jaillieu"]
[Date "1982.??.??"]
[Round "?"]
[White "Vukic, Milan"]
[Black "Bruno, Fabio"]
[Result "0-1"]
[WhiteElo "2465"]
[BlackElo "2230"]
[PlyCount "126"]
[EventDate "1982.??.??"]
[EventType "team-tourn"]
[EventRounds "7"]
[EventCountry "FRA"]
[Source "ChessBase"]
[SourceDate "2004.11.15"]
[WhiteTeam "Yugoslavia"]
[BlackTeam "Italy"]
[WhiteTeamCountry "YUG"]
[BlackTeamCountry "ITA"]

1. d4 Nf6 2. c4 e6 3. Nf3 b6 4. g3 Ba6 5. b3 Bb4+ 6. Bd2 Be7 7. Bg2 c6 8. Bc3
O-O 9. Nbd2 d5 10. O-O Nbd7 11. Re1 Bb7 12. e4 dxe4 13. Nxe4 c5 14. Nxf6+ Bxf6
15. Rc1 cxd4 16. Bxd4 Qc7 17. Rc2 Rad8 18. Rd2 Bxd4 19. Nxd4 Bxg2 20. Kxg2 Ne5
21. Re3 Rd7 22. Nb5 Qc6+ 23. f3 Rfd8 24. Rxd7 Rxd7 25. Qe2 Ng6 26. Rd3 a6 27.
Nc3 f6 28. Rxd7 Qxd7 29. Na4 Qc6 30. Qe3 Ne5 31. Nc3 Kf7 32. Ne4 a5 33. Nc3 g5
34. h3 h5 35. Kf2 g4 36. hxg4 hxg4 37. f4 Nd7 38. Qe4 Qc5+ 39. Ke2 f5 40. Qe3
Qc6 41. Na4 Qg2+ 42. Qf2 Qe4+ 43. Kd2 Qb1 44. Ke3 e5 45. fxe5 Nxe5 46. Kd4 Nf3+
47. Kc3 Qc1+ 48. Kd3 Qd1+ 49. Kc3 f4 50. Nb2 fxg3 51. Nxd1 gxf2 52. Nxf2 g3 53.
Nh3 g2 54. Kd3 Kf6 55. Ke3 g1=Q+ 56. Nxg1 Nxg1 57. c5 b5 58. c6 Ke6 59. c7 Kd7
60. Kd4 Kxc7 61. Kc5 b4 62. Kb5 Kd6 63. Kxa5 Kc5 0-1

[Event "Mitropa Cup 08th"]
[Site "Lienz"]
[Date "1983.10.23"]
[Round "1.1"]
[White "Bruno, Fabio"]
[Black "Kindermann, Stefan"]
[Result "0-1"]
[WhiteElo "2325"]
[BlackElo "2500"]
[PlyCount "84"]
[EventDate "1983.10.22"]
[EventType "team-tourn"]
[EventRounds "6"]
[EventCountry "AUT"]
[Source "ChessBase"]
[SourceDate "2002.11.25"]

1. d4 Nf6 2. Nf3 e6 3. Bf4 c5 4. e3 b6 5. Nbd2 Be7 6. h3 Bb7 7. c3 O-O 8. Bd3
Nc6 9. O-O d6 10. Qe2 cxd4 11. exd4 Qd7 12. Rfe1 Rfe8 13. Ne4 Nxe4 14. Bxe4 g6
15. Rad1 Bf8 16. Qb5 d5 17. Bb1 Bg7 18. a4 Qc8 19. Qe2 Ba6 20. Qe3 Na5 21. Bh6
Nc4 22. Qc1 Bh8 23. Ne5 Nd6 24. Ng4 f6 25. h4 Qd7 26. Qf4 Nf5 27. Bxf5 exf5 28.
Ne3 Re4 29. Qg3 Rae8 30. f3 R4e7 31. b3 Bg7 32. Bxg7 Kxg7 33. Nc2 Be2 34. Rd2
Qc8 35. Qf2 Ba6 36. Rxe7+ Rxe7 37. Nb4 Bb7 38. Rd3 f4 39. Qd2 a5 40. Nc2 Ba6
41. c4 dxc4 42. bxc4 Qxc4 0-1

[Event "Mitropa Cup 08th"]
[Site "Lienz"]
[Date "1983.10.23"]
[Round "1.1"]
[White "Djuric, Stefan"]
[Black "Stull, Norbert"]
[Result "1-0"]
[WhiteElo "2500"]
[BlackElo "2250"]
[PlyCount "65"]
[EventDate "1983.10.22"]
[EventType "team-tourn"]
[EventRounds "6"]
[EventCountry "AUT"]
[Source "ChessBase"]
[SourceDate "2002.11.25"]

1. e4 c5 2. Nf3 d6 3. d4 cxd4 4. Nxd4 Nf6 5. Nc3 a6 6. f4 e5 7. Nf3 Qc7 8. Bd3
Be7 9. O-O O-O 10. Kh1 Nbd7 11. fxe5 dxe5 12. Nh4 Nc5 13. Bg5 Be6 14. Nf5 Rfd8
15. Nxe7+ Qxe7 16. Nd5 Bxd5 17. exd5 Nxd3 18. Qxd3 b5 19. Bxf6 gxf6 20. Rf5 Qd6
21. Rd1 Rac8 22. Qg3+ Kf8 23. Qf2 Rc6 24. Rd3 Rb6 25. Rh5 b4 26. Rxh7 Ke7 27.
h3 Rb5 28. Rh6 Qb6 29. Qf3 Ra5 30. d6+ Rxd6 31. Rxd6 Qxd6 32. Qb7+ Ke6 33. Rh7
1-0

[Event "Mitropa Cup 08th"]
[Site "Lienz"]
[Date "1983.10.23"]
[Round "1.1"]
[White "Hug, Werner"]
[Black "Wittmann, Walter"]
[Result "1-0"]
[WhiteElo "2440"]
[BlackElo "2435"]
[Annotator "Hug,W"]
[PlyCount "77"]
[EventDate "1983.10.22"]
[EventType "team-tourn"]
[EventRounds "6"]
[EventCountry "AUT"]
[Source "ChessBase"]
[SourceDate "2002.11.25"]

1. e4 e5 2. Nc3 Nf6 3. Nf3 Nc6 4. Bb5 Bb4 {Als Remis-Variante verschrien, aber
so einfach ist die Sache nicht.} 5. O-O O-O 6. Bxc6 $5 {Eine unangenehme
Überraschung für den Theoretiker Dr. Wittmann; in den Büchern wird nun 6...
dxc6 empfohlen.} bxc6 $2 {Trotz der entstehenden Symmetrie hat Schwarz danach
ernsthafte Sorgen.} 7. Nxe5 Bxc3 8. bxc3 Nxe4 9. Re1 Nd6 ({Auch nach} 9... Nf6
10. d3 h6 11. Qf3 {hat Schwarz Mühe mit der Entwicklung des Damenflügels.}) 10.
d3 f6 11. Nf3 Re8 ({Falls} 11... Nf7 {so} 12. Nd4 c5 13. Nf5 d6 14. Ne7+ Kh8
15. Qh5 {mit klarem Vorteil für Weiss.}) 12. Bf4 Rxe1+ ({Natürlich nicht} 12...
Nf7 $4 13. Bxc7 $1) 13. Qxe1 Bb7 14. Rb1 Rb8 15. Rb3 $1 Ba8 {Ein schrecklicher
Platz für den Läufer,} ({aber} 15... Ba6 16. Ra3 {verliert sofort.}) 16. Qe3
Rb6 17. Bxd6 $1 {Ein wichtiger Entscheid: Der wendige Springer ist dem Läufer
bei dieser Bauernstellung überlegen.} cxd6 18. Nh4 g6 19. h3 Rxb3 20. cxb3 c5 {
Zu spät erwacht der Läufer.} 21. d4 $1 Qf8 22. c4 {Droht peinlich 23. d5.
Schwarz fischt noch etwas im Trüben.} cxd4 23. Qxd4 a6 24. Qb6 $1 {[#]  Das
musste doch noch recht genau berechnet werden. Der Witz ist, dass im
Damenendspiel der Bauer d7 mit Schach fällt.} Bc6 25. Qxa6 Qh6 26. Nf3 Qc1+ 27.
Kh2 Qf4+ 28. Kg1 {Zeitgewinn} Qc1+ 29. Kh2 Qf4+ 30. Kh1 $1 {Damit ist der Ofen
aus.} Qc1+ ({Auf} 30... Bxf3 {folgt} 31. Qc8+ $1 {usw. womit der Bauer h3
gedeckt wird.}) 31. Ng1 Qf1 32. f3 g5 33. Qa3 $1 Qd1 34. b4 g4 {Verzweiflung}
35. hxg4 Qe1 36. b5 Qh4+ 37. Nh3 Qe1+ 38. Kh2 Qe5+ 39. f4 1-0

[Event "Mitropa Cup 08th"]
[Site "Lienz"]
[Date "1983.10.23"]
[Round "1.2"]
[White "Hoelzl, Franz"]
[Black "Huss, Andreas"]
[Result "1-0"]
[WhiteElo "2355"]
[BlackElo "2280"]
[PlyCount "91"]
[EventDate "1983.10.22"]
[EventType "team-tourn"]
[EventRounds "6"]
[EventCountry "AUT"]
[Source "ChessBase"]
[SourceDate "2002.11.25"]

1. c4 Nf6 2. Nc3 e6 3. e4 c5 4. Nf3 Nc6 5. d3 d6 6. d4 cxd4 7. Nxd4 a6 8. Be2
Be7 9. O-O O-O 10. Nc2 b6 11. b3 Bb7 12. Bb2 Rc8 13. Ne3 Qc7 14. Kh1 Ne5 15.
Qd4 Nc6 16. Qd2 Ne5 17. f3 Ng6 18. Rfd1 Rfd8 19. Rac1 Qb8 20. Bf1 Bc6 21. a4 h5
22. Qf2 h4 23. Nc2 Nh5 24. Nb4 a5 25. Nxc6 Rxc6 26. Ne2 Bf6 27. Bd4 Bxd4 28.
Nxd4 Rcc8 29. Rc2 Nf6 30. Rcd2 Rd7 31. Qe3 Ne8 32. Be2 Rc5 33. Nb5 Qd8 34. Kg1
Kf8 35. g3 hxg3 36. hxg3 Ne5 37. f4 Nc6 38. Nxd6 Nxd6 39. e5 Ne7 40. Rxd6 Rxd6
41. Rxd6 Qc7 42. Qd3 Ke8 43. Qh7 Nf5 44. Rd3 b5 45. axb5 Qb6 46. Kg2 1-0

[Event "Mitropa Cup 08th"]
[Site "Lienz"]
[Date "1983.10.23"]
[Round "1.2"]
[White "Lau, Ralf"]
[Black "Tassi, Oliviero"]
[Result "1-0"]
[WhiteElo "2395"]
[BlackElo "2270"]
[Annotator "Kwatschewsky,L"]
[PlyCount "51"]
[EventDate "1983.10.22"]
[EventType "team-tourn"]
[EventRounds "6"]
[EventCountry "AUT"]
[Source "ChessBase"]
[SourceDate "2002.11.25"]

1. e4 c5 2. Nf3 d6 3. d4 cxd4 4. Nxd4 Nf6 5. Nc3 a6 6. a4 {Ein elastischer Zug,
mit dem Weiss zu verschiedenen Varianten der Sizilianischen Partie übergehen
kann.} e5 {Zweifelhaft.} ({Beser scheint es "normal" zu spielen:} 6... e6) (
6... Nc6) ({oder sogar} 6... g6) 7. Nf3 h6 8. Bc4 Nbd7 9. O-O b6 10. Re1 Qc7
11. b3 Bb7 12. Ba3 Nc5 13. Nd5 Nxd5 14. Bxd5 Bxd5 15. Qxd5 Rc8 16. Rad1 Be7 17.
Re2 O-O 18. Bxc5 $5 {[#]  Vollkommen richtig.} Qxc5 ({Eine Alternative zum
Bauernverlust wäre} 18... bxc5 19. Nd2 {nebst Nc4 und Schwarz hat kleinen Plan
und überhaupt keinen vernünftigen Zug mehr am Brett.}) 19. Qb7 Rc7 20. Qxa6 {
Schwarz kann getrost aufgeben.} f5 21. c4 Qc6 22. Rd5 g5 23. exf5 g4 24. Nd2
Rxf5 25. Qb5 Qb7 26. Ne4 1-0

[Event "Mitropa Cup 08th"]
[Site "Lienz"]
[Date "1983.10.23"]
[Round "1.3"]
[White "Hammer, Peter"]
[Black "Dueckstein, Andreas"]
[Result "1/2-1/2"]
[WhiteElo "2305"]
[BlackElo "2360"]
[Annotator "Dueckstein"]
[PlyCount "39"]
[EventDate "1983.10.22"]
[EventType "team-tourn"]
[EventRounds "6"]
[EventCountry "AUT"]
[Source "ChessBase"]
[SourceDate "2002.11.25"]

1. d4 e6 2. c4 Nf6 3. Nf3 Bb4+ 4. Bd2 Qe7 5. a3 ({Präziser} 5. e3) ({oder} 5.
g3) 5... Bxd2+ 6. Nbxd2 ({Auf} 6. Qxd2 {folgt} Ne4) 6... d6 7. e3 e5 8. d5 {
Sonst wäre der Vorstoss e5-e4 unangenehm. Jetzt hat der Springer das Feld d4
frei.} Bg4 9. Be2 Nbd7 10. h3 Bh5 11. O-O O-O 12. b4 {Die weissen Chancen
liegen am Damenflügel.} a5 {Schwarz kontert sofort.} 13. Nb3 {Ein
interessanter Zug, der die folgende Abwicklung erzwingt.} axb4 (13... a4 {wäre
weniger präzise, da der Bauer zur Schwäche neigen würde.}) 14. axb4 Rxa1 15.
Qxa1 e4 16. Nfd4 Bxe2 17. Nxe2 b5 {[#]  Die Pointe des Gegenspieles: Weiss
muss eine Verschlechterung seiner Bauernstruktur in Kauf nehmen.} 18. cxb5 Nxd5
19. Nc3 {Weiss pariert geschickt.} N5b6 ({Nach} 19... Nxb4 20. Qa5 c5 21. bxc6
Nxc6 22. Qa4 {gewinnt Weiss den Bauern mit besserem Spiel zurück.}) 20. Nd4 {
Die beiderseitigen Schwächen halten sich die Waage.} 1/2-1/2

[Event "Mitropa Cup 08th"]
[Site "Lienz"]
[Date "1983.10.23"]
[Round "1.4"]
[White "Kwatschewsky, Leo"]
[Black "Wittwer, Moritz"]
[Result "1-0"]
[WhiteElo "2260"]
[BlackElo "2350"]
[PlyCount "113"]
[EventDate "1983.10.22"]
[EventType "team-tourn"]
[EventRounds "6"]
[EventCountry "AUT"]
[Source "ChessBase"]
[SourceDate "2002.11.25"]

1. e4 e5 2. Nf3 Nc6 3. Bb5 a6 4. Ba4 Nf6 5. O-O Be7 6. Bxc6 dxc6 7. d3 Nd7 8.
Nbd2 O-O 9. Nc4 Bf6 10. b3 Re8 11. Bb2 c5 12. Qd2 b5 13. Ne3 Nb6 14. a4 c6 15.
a5 Nd7 16. Ng4 h5 17. Nxf6+ Qxf6 18. Ng5 Qh6 19. g3 h4 20. Nf3 hxg3 21. hxg3
Qh3 22. Ng5 Qg4 23. Kg2 f6 24. Nf3 Nf8 25. Rh1 Ne6 26. Qe3 Nd4 27. Bxd4 cxd4
28. Qd2 Bd7 29. Rh4 Qe6 30. Rah1 Kf7 31. Rh7 Rg8 32. Nh4 Qe7 33. Qh6 Ke8 34.
Qh5+ Kd8 35. Nf5 Bxf5 36. Qxf5 Kc7 37. R1h6 Raf8 38. Rg6 Rf7 39. g4 Qd7 40. Kf3
Qxf5+ 41. exf5 Kd6 42. g5 Kc5 43. gxf6 Rxf6 44. Rxf6 gxf6 45. Rf7 Kb4 46. Rxf6
Rc8 47. Ke4 Kc3 48. Kxe5 Kxc2 49. Kxd4 c5+ 50. Kd5 Kxd3 51. Rc6 Rxc6 52. Kxc6
c4 53. bxc4 bxc4 54. f6 c3 55. f7 c2 56. f8=Q c1=Q+ 57. Qc5 1-0

[Event "Mitropa Cup 08th"]
[Site "Lienz"]
[Date "1983.10.24"]
[Round "2.1"]
[White "Manouck, Thierry"]
[Black "Djuric, Stefan"]
[Result "0-1"]
[WhiteElo "2335"]
[BlackElo "2500"]
[PlyCount "72"]
[EventDate "1983.10.22"]
[EventType "team-tourn"]
[EventRounds "6"]
[EventCountry "AUT"]
[Source "ChessBase"]
[SourceDate "2002.11.25"]

1. c4 g6 2. g3 Bg7 3. Bg2 c5 4. Nc3 Nc6 5. a3 d6 6. Rb1 a5 7. d3 Rb8 8. Nf3 e5
9. O-O Nge7 10. Ne1 Be6 11. Nc2 d5 12. b3 O-O 13. Bd2 b6 14. Qc1 Qd7 15. Bh6 d4
16. Bxg7 Kxg7 17. Na4 f5 18. f4 Nd8 19. fxe5 Nf7 20. e3 Rfc8 21. exd4 cxd4 22.
Qf4 b5 23. Nb2 Rd8 24. Rfe1 Rbc8 25. a4 b4 26. Re2 g5 27. Qd2 Rc5 28. Rbe1 h6
29. Nxb4 axb4 30. Qxb4 Qc7 31. Qd2 Rxe5 32. b4 Ng6 33. a5 f4 34. Rxe5 Nfxe5 35.
Be4 fxg3 36. hxg3 Ng4 0-1